Industrial Relations in Canada. (Record no. 4149)

MARC details
000 -LEADER
fixed length control field 00364nam a22001457a 4500
008 - FIXED-LENGTH DATA ELEMENTS--GENERAL INFORMATION
fixed length control field 250704b |||||||| |||| 00| 0 eng d
020 ## - INTERNATIONAL STANDARD BOOK NUMBER
ISBN 0470838396
100 ## - MAIN ENTRY--AUTHOR
Author MCQUARRIE A.E. Fiona
245 ## - TITLE STATEMENT
Title Industrial Relations in Canada.
250 ## - EDITION STATEMENT
Edition statement 2
260 ## - PUBLICATION, DISTRIBUTION, ETC. (IMPRINT)
Place of publication Canada
Name of publisher John Wiley & Sons Ltd.
Date of publication 2007
300 ## - COLLATION
Pagination xii, 649p.
942 ## - ADDED ENTRY ELEMENTS (KOHA)
Item type Books
050 ## - LIBRARY OF CONGRESS CALL NUMBER
Classification number HD8106
Item number .M37
Holdings
Source of classification or shelving scheme Not for loan Permanent location Current location Date acquired Accession No. Full call number Barcode. Koha item type
Library of Congress Classification   Samuel Ogbemudia Main Library, University of Abuja Samuel Ogbemudia Main Library, University of Abuja 07/04/2025 2017/49942 HD8106.M37 2025-2893 Books